000 00404nam a22001697a 4500
003 OSt
005 20250526142439.0
008 250526b |||||||| |||| 00| 0 eng d
040 _cAACR2
050 _a891.439
100 _aAli, Shazia
245 _aPhir barishoon kay dess main safarnama
260 _aKarachi:
_bRoyal books,
_c2019.
300 _a136p.
600 _aLiterature
942 _2ddc
_cGB
_n0
999 _c31273
_d31273